Workshop Nuclear Hydrology: Proceedings (Record no. 10278)
[ view plain ]
| 000 -LEADER | |
|---|---|
| fixed length control field | 00311cam a2200109ua 4500 |
| 082 ## - DEWEY DECIMAL CLASSIFICATION NUMBER | |
| Classification number | 551.48028 |
| Item number | CEN/WO |
| 245 ## - TITLE STATEMENT | |
| Title | Workshop Nuclear Hydrology: Proceedings |
| 260 ## - PUBLICATION, DISTRIBUTION, ETC. (IMPRINT) | |
| Place of publication | New Delhi |
| Name of publisher | Bhabha Atomic Research Centre , |
| Year of publication | 1995. |
| 300 ## - PHYSICAL DESCRIPTION | |
| Number of Pages | 206 ; . |
| 500 ## - GENERAL NOTE | |
| General note | 24-28 April, 19985 Kozhikode (Kerala) |
| 942 ## - ADDED ENTRY ELEMENTS (KOHA) | |
| Koha item type | Reference |
| Withdrawn status | Lost status | Damaged status | Collection code | Home library | Current library | Shelving location | Date acquired | Full call number | Accession Number | Koha item type |
|---|---|---|---|---|---|---|---|---|---|---|
| Reference | KAUAET | KAUAET | Reference | 07/04/2012 | 551.48028.CEN/WO | 20236 | Reference |
